Normal view
MARC view
- حقوق المؤلفين -- الإتفاقيات الدولية
Entry Topical Term
001 - CONTROL NUMBER
- control field: 24916
003 - CONTROL NUMBER IDENTIFIER
- control field: JO-AjAnu
005 - DATE AND TIME OF LATEST TRANSACTION
- control field: 20230606074250.0
008 - FIXED-LENGTH DATA ELEMENTS
- fixed length control field: 230606|| aca||aabn | a|a d
040 ## - CATALOGING SOURCE
- Original cataloging agency: JO-AjAnu
- Transcribing agency: JO-AjAnu
150 ## - HEADING--TOPICAL TERM
- Topical term or geographic name entry element: حقوق المؤلفين -- الإتفاقيات الدولية
670 ## - SOURCE DATA FOUND
- Source citation: Work cat.: (JO-AjAnu)12818: أبو بكر ، محمد, author 24915, المبادئ الأولية لحقوق المؤلف والإتفاقيات والمعاهدات الدولية